000 00752cam a2200217 a 4500
003 EG-GiCUC
008 080803s1979 ua a g 000 0 ara d
040 _aEG-GiCUC
_bara
_cEG-GiCUC
092 0 4 _a338.2728
_bA1352 1979
_221
099 _a04
_a338.2728 A1352 1979
100 1 _aعبدالله : حسين
245 1 0 _aاقتصاديات البترول /
_cحسين عبدالله
260 _aالقاهرة :
_bدار النهضة العربية :
_c1979
300 _a658ص ؛
_c24سم
650 7 _aالبترول
_xصناعة و تجارة
_2qrmak
902 _a1
905 _aعفاف
_eمدخل
905 _aمنى
_eمراجع
942 _2ddc
_cBK
999 _c101336
_d101336